Complete physics for all India engineering entrance exam (AIEEE)/ (Record no. 157449)

MARC details
000 -LEADER
fixed length control field 00595nam a22001937a 4500
005 - DATE AND TIME OF LATEST TRANSACTION
control field 20180913131642.0
010 ## - LCCN (DPL NO)
LC control number B-157228
020 ## - INTERNATIONAL STANDARD BOOK NUMBER
International Standard Book Number 0070620350
035 ## - SYSTEM CONTROL NUMBER
System control number B-157228
037 ## - SOURCE OF ACQUISITION
Source of stock number/acquisition Dpl
082 ## - DEWEY DECIMAL CLASSIFICATION NUMBER
Classification number 530
100 ## - MAIN ENTRY--PERSONAL NAME
Personal name Bajaj, N.K.
245 ## - TITLE STATEMENT
Title Complete physics for all India engineering entrance exam (AIEEE)/
Statement of responsibility, etc by N.K. Bajaj
260 ## - PUBLICATION, DISTRIBUTION, ETC. (IMPRINT)
Place of publication, distribution, etc New Delhi
Name of publisher, distributor, etc Tata McGraw-Hill Publishing
Date of publication, distribution, etc 2007
270 ## - ADDRESS
Address 7 West Patel Nagar
City New Delhi
Postal code 110008
300 ## - PHYSICAL DESCRIPTION
Extent various pagings
Dimensions 23cm(Hb)
490 ## - SERIES STATEMENT
Series statement Tata McGraw Hill's winning edge series
942 ## - ADDED ENTRY ELEMENTS (KOHA)
Source of classification or shelving scheme Dewey Decimal Classification
Item type English Books
Classification part 530
Call number suffix BAJ
Holdings
Withdrawn status Lost status Not for loan Collection code Home library Current library Date acquired Full call number Barcode Copy number Koha item type
      Non-fiction Central Library Central Library 13/09/2018 530 BAJ B-157228 1 English Books

© Delhi Public Library
Hit Counter
free hit counter